00370pam a2200133a 44500008004100000020002900041082001600070100001800086245006100104260003000165300001100195906001100206999001900217230405s2017 xxu||||| |||| 00| 0 eng d a9788123927015cRs. 725/- a610.73bMAN aManivannan,S. aTextbook of Community Health Nursing -1 for B.Sc.Nursing aNew DelhibCBS Pub.c2017 a436 p. a003870 c252106d252106